Biscoito (Registo nº 4037)

Detalhes MARC
000 -Etiqueta do registo
Cabeçalho 00840cam a2200301 4500
005 - Identificador da versão
Campo de controlo 20240813122051.0
010 ## - Número internacional normalizado dos livros (ISBN)
Número (ISBN) 9724306208
021 ## - Número do Depósito Legal
Código do país PT
Número 183680/02
100 ## - Dados gerais de processamento
Dados gerais de processamento 20030708d2003 c y0pory5003 ba
102 ## - Pais de publicação ou produção
País de publicação Portugal
101 1# - Língua de publicação
Língua do texto, banda sonora, etc. Português
Língua do documento no original Inglês
106 ## - Campo de dados codificados: material textual
Dados codificados do material textual r
105 ## - Campo de dados codificados: livros
Dados codificados dos livros a z 000yy
215 ## - Descrição física 
Indicação específica da natureza do documento e extensão da espécie [28] p.
Outras indicações físicas todo il.
Dimensões 29 cm
200 1# - Titulo e menção de responsabilidade
Título próprio Biscoito
Primeira menção de responsabilidade escrito por Becky Bloom
Outras menções de responsabilidade il. Pascal Biet
-- trad. Isabel Ramalhete
225 1# - Colecção 
Título próprio da colecção Lua de papel
210 ## - Publicação, Distribuição, etc. 
Lugar da edição, distribuição, etc. Porto
Nome do editor, distribuidor, etc. Ambar
Data da publicação, distribuição, etc. 2003
304 ## - Notas relativas a título e menção de responsabilidade 
Texto da nota Tít. orig.: Biscuit
675 ## - Classificação Decimal Universal (CDU)
Notação 087.5
Edição BN
Língua da edição por
Notação 821.111-93"19"
Edição BN
Língua da edição por
Notação 821.111-34"19"
Edição BN
Língua da edição por
702 #1 - Nome de autor-pessoa física (responsabilidade secundária)
Número de registo de entrada de autoridade 0000531
Palavra de ordem Biet
Outra parte do nome não tomada para palavra de ordem Pascal
Código de função Ilustrador / Técnico de desenho computorizado
Número de registo de entrada de autoridade 0000532
Palavra de ordem Ramalhete
Outra parte do nome não tomada para palavra de ordem Isabel
Código de função Tradutor
700 #1 - Nome de autor-pessoa física (responsabilidade principal)
Número de registo de entrada de autoridade 0000530
Palavra de ordem Bloom
Outra parte do nome não tomada para palavra de ordem Becky
942 ## - Elementos de entrada adicionados (Koha)
Tipo de item no Koha Livro
Exemplares
Situação do levantamento Origin of item (home branch) (coded) Biblioteca de empréstimo Código de barras Cota Circulation type (not for loan) Tipo de documento Nota do exemplar Damaged status
  Biblioteca Escolar das Vendas Biblioteca Escolar das Vendas BEV887 8EST BLO   Livro Sem mensagem